| 000 | 01363nam a2200253 a 4500 | ||
|---|---|---|---|
| 001 | 000087457 | ||
| 005 | 20200120224959.0 | ||
| 008 | 190828s2007 ck gr|||| 000 | spa d | ||
| 020 | _a9581803211 | ||
| 041 | 0 | _aspa | |
| 043 | _as-ck--- | ||
| 082 | 0 | 4 |
_a303.60986163 _bC65dp _221 |
| 110 | 2 |
_aColombia. _bVicepresidencia de la República. Observatorio del Programa Presidencial de Derechos Humanos y Derecho Internacional Humanitario . |
|
| 245 | 1 | 0 |
_aDinámica reciente de la confrontación armada en Putumayo / _cObservatorio del Programa Presidencial de Derechos Humanos y DIH. |
| 260 |
_aBogotá : _bVicepresidencia de la República _bObservatorio del Programa Presidencial de Derechos Humanos y DIH, _c2007. |
||
| 300 |
_a72 páginas : _bilustraciones, mapas, gráficos. |
||
| 500 | _aUbicación geográfica -- Precencia de grupos armados irregulares --Caracteristicas y evolución de la confrontación armada en Putumayo -- Desarrollo de la confrontación armada en el Putumayo -- | ||
| 650 | 1 | 4 |
_aConflicto armado _zPutumayo (Región, Colombia) |
| 650 | 2 | 4 |
_aGrupos subversivos _zArauca (Región, Colombia) |
| 650 | 2 | 4 |
_aHomicidio _zPutumayo (Región, Colombia) |
| 650 | 2 | 4 |
_aSecuestro _zPutumayo (Región, Colombia) |
| 650 | 2 | 4 |
_aDesmovilización de paramilitares _zPutumayo (Región, Colombia) |
| 650 | 2 | 4 |
_aParamilitarismo _zPutumayo (Región, Colombia) |
| 999 |
_c12039 _d12039 |
||